| 000 | 00000nam##2200000za#4500 |
| 001 | 9.639150 |
| 003 | CaOODSP |
| 005 | 20210624222023 |
| 007 | cr ||||||||||| |
| 008 | 150407|2001||||xxc|||||o f|0| 0 fre|d |
| 040 | |aCaOODSP|bfre |
| 043 | |an-cn--- |
| 086 | 1 |aD82-60/2001F-PDF |
| 110 | 1 |aCanada.|bProtection civile Canada. |
| 245 | 10|aLes catastrophes naturelles du Canada : |h[ressource électronique]|bune cartographie historique des désastres naturels importants |
| 260 | |aOttawa - Ontario : |bProtection civile Canada |c[2001]. |
| 300 | |a1p.|bill. en couleur, carte en couleur |
| 590 | |a11-17-Supp|b2011-09-12 |
| 691 | 07|aInondation|2gcpds |
| 691 | 07|aTremblement de terre|2gcpds |
| 691 | 07|aTempête|2gcpds |
| 691 | 07|aGlissement de terrain|2gcpds |
| 775 | 08|tNatural hazards of Canada : |w(CaOODSP)9.694989 |
| 776 | 0#|tLes catastrophes naturelles du Canada : |w(CaOODSP)9.681473 |
| 856 | 40|ahttp://publications.gc.ca|qPDF|s751 Ko|uhttps://publications.gc.ca/collections/collection_2011/sp-ps/D82-60-2001-fra.pdf |